Estatísticas para Países mais visitados por australianos

Clique aqui para jogar o quiz

Estatísticas Gerais

  • Esse quiz foi jogado 140 vezes
  • A pontuação média é 8 de 10

Estatísticas das Respostas

#País% Correto
451,400China
96%
1,315,600Nova Zelândia
95%
1,053,400Estados Unidos
94%
362,500Japão
93%
1,248,400Indonésia
89%
319,400Índia
80%
587,600Reino Unido
79%
528,600Tailândia
74%
377,100Singapura
53%
344,700Fiji
46%

Distribuição das Pontuações

Percentil de Números Respondidos

Porcentagem de Pessoas com Cada Pontuação

Sua Pontuação Histórica

Você não jogou esse quiz